[Event "Bamberg op 6th"]
[Site "Bamberg"]
[Date "2024.09.05"]
[Round "3"]
[White "Wendel, David"]
[Black "Neugirg, Mika"]
[Result "1/2-1/2"]
[WhiteElo "1830"]
[BlackElo "1988"]
[PlyCount "62"]
[EventDate "2024.09.04"]
[EventType "swiss"]
[EventRounds "7"]
[EventCountry "GER"]
[SourceTitle "EXT 2025"]
[Source "ChessBase"]
[SourceDate "2024.10.14"]
[SourceVersion "1"]
[SourceVersionDate "2024.10.14"]
[SourceQuality "1"]

1. e4 c6 2. Nf3 d5 3. Nc3 dxe4 4. Nxe4 Nf6 5. Neg5 h6 6. Nxf7 Kxf7 7. Ne5+ Kg8 8. Bd3 Qd6 9. Ng6 Bg4 10. f3 Bh5 11. Nxh8 Kxh8 12. 0-0 Nbd7 13. Re1 e5 14. Be2 Re8 15. d3 Nd5 16. Bf1 Qf6 17. Bd2 Bc5+ 18. Kh1 Qh4 19. g3 Qf6 20. Bg2 Rf8 21. Rf1 Ne3 22. Bxe3 Bxe3 23. Qe2 Bb6 24. Rae1 Qd6 25. Bh3 Nc5 26. Qxe5 Qxe5 27. Rxe5 Bxf3+ 28. Bg2 Bxg2+ 29. Kxg2 Rxf1 30. Kxf1 Kg8 31. Ke2 Kf7 1/2-1/2

[Event "GER-ch U18"]
[Site "Willingen"]
[Date "2023.06.03"]
[Round "9"]
[White "Neugirg, Mika"]
[Black "Grossmann, Piet"]
[Result "1-0"]
[WhiteElo "1781"]
[BlackElo "1936"]
[PlyCount "73"]
[EventDate "2023.05.28"]
[EventType "swiss"]
[EventRounds "9"]
[EventCountry "GER"]
[SourceTitle "CBM 214 Extra"]
[Source "ChessBase"]
[SourceDate "2023.07.31"]
[SourceVersion "1"]
[SourceVersionDate "2023.07.31"]
[SourceQuality "1"]

1. Nf3 d5 2. g3 Nf6 3. Bg2 e6 4. 0-0 Be7 5. c4 0-0 6. b3 d4 7. e3 c5 8. exd4 cxd4 9. d3 Nc6 10. Re1 Ne8 11. Na3 f6 12. Nc2 e5 13. a3 a5 14. Rb1 Nc7 15. b4 axb4 16. axb4 b5 17. c5 Nd5 18. Bd2 Bf5 19. Rb3 Qd7 20. Qb1 Ra4 21. Ra3 Rfa8 22. Qb3 Be6 23. Rxa4 Rxa4 24. Nfxd4 Nxd4 25. Nxd4 Bf7 26. Nxb5 Nb6 27. Qd1 Qxb5 28. cxb6 Ra2 29. b7 Bd6 30. Qc1 h5 31. Be3 Qxb4 32. Qc8+ Kh7 33. Rc1 Bg6 34. Qc4 Qb2 35. Be4 f5 36. Bd5 f4 37. Qxa2 1-0

[Event "GER-ch U18"]
[Site "Willingen"]
[Date "2023.06.01"]
[Round "7"]
[White "May, Ben Iven"]
[Black "Neugirg, Mika"]
[Result "1/2-1/2"]
[WhiteElo "1940"]
[BlackElo "1781"]
[PlyCount "60"]
[EventDate "2023.05.28"]
[EventType "swiss"]
[EventRounds "9"]
[EventCountry "GER"]
[SourceTitle "CBM 214 Extra"]
[Source "ChessBase"]
[SourceDate "2023.07.31"]
[SourceVersion "1"]
[SourceVersionDate "2023.07.31"]
[SourceQuality "1"]

1. e4 c6 2. Nf3 d5 3. d3 dxe4 4. dxe4 Qxd1+ 5. Kxd1 Nf6 6. Nfd2 g6 7. a4 Bh6 8. Nc3 Nbd7 9. f3 a5 10. Nc4 Bxc1 11. Rxc1 Kd8 12. Ke1 Kc7 13. Be2 Nh5 14. g3 Ng7 15. f4 Nb6 16. Ne5 f6 17. Nd3 Be6 18. Nc5 Nd7 19. Nxe6+ Nxe6 20. Bg4 Nec5 21. Rd1 Rad8 22. Kf2 Nb6 23. b3 Nc8 24. Ke3 e5 25. fxe5 fxe5 26. Rhf1 Rxd1 27. Nxd1 Nd6 28. Nf2 Rf8 29. Rd1 Rf6 30. Bf3 Rf8 1/2-1/2

[Event "GER-ch U18"]
[Site "Willingen"]
[Date "2023.05.31"]
[Round "5"]
[White "Chitsazian, Daniel"]
[Black "Neugirg, Mika"]
[Result "1/2-1/2"]
[WhiteElo "1900"]
[BlackElo "1781"]
[PlyCount "107"]
[EventDate "2023.05.28"]
[EventType "swiss"]
[EventRounds "9"]
[EventCountry "GER"]
[SourceTitle "CBM 214 Extra"]
[Source "ChessBase"]
[SourceDate "2023.07.31"]
[SourceVersion "1"]
[SourceVersionDate "2023.07.31"]
[SourceQuality "1"]

1. e4 c6 2. d4 d5 3. Nd2 dxe4 4. Nxe4 Nd7 5. Nf3 Ngf6 6. Ng3 g6 7. c3 Bg7 8. h4 h5 9. Bg5 Qc7 10. Qd2 0-0 11. Bf4 Qa5 12. Ne5 Nxe5 13. Bxe5 Be6 14. Bd3 Rad8 15. Qe2 c5 16. Bxf6 exf6 17. Nxh5 Rfe8 18. Nxg7 Kxg7 19. Kf1 cxd4 20. c4 Bxc4 21. Qc2 Bxd3+ 22. Qxd3 Rd5 23. g4 Qc7 24. Qf3 Rde5 25. Rd1 Re4 26. h5 Qc6 27. Rh3 Qe6 28. hxg6 fxg6 29. Rc1 Re7 30. Rg3 Re1+ 31. Rxe1 Qxe1+ 32. Kg2 Qe4 33. Qxe4 Rxe4 34. Kf3 Re7 35. Rg1 Rc7 36. Re1 Kf7 37. Re2 d3 38. Rd2 Rd7 39. Ke3 Ke6 40. f4 g5 41. fxg5 fxg5 42. Ke4 Rd8 43. a4 a5 44. b3 Rd7 45. Rxd3 Rxd3 46. Kxd3 Kd5 47. Kc3 Kc5 48. Kd3 Kb4 49. Kc2 Kc5 50. Kc3 b6 51. b4+ Kd5 52. bxa5 bxa5 53. Kd3 Kc5 54. Kc3 1/2-1/2

[Event "GER-chT U20"]
[Site "Muenster"]
[Date "2022.12.29"]
[Round "6"]
[White "Borodaev, Roman"]
[Black "Neugirg, Mika"]
[Result "1/2-1/2"]
[WhiteElo "1678"]
[BlackElo "1573"]
[PlyCount "131"]
[EventDate "2022.12.26"]
[EventType "team-swiss"]
[EventRounds "7"]
[EventCountry "GER"]
[SourceTitle "CBM 212 Extra"]
[Source "ChessBase"]
[SourceDate "2023.03.31"]
[SourceVersion "1"]
[SourceVersionDate "2023.03.31"]
[SourceQuality "1"]
[WhiteTeam "Karlsruhe"]
[BlackTeam "Regensburg Bavaria"]
[WhiteTeamCountry "GER"]
[BlackTeamCountry "GER"]

1. e4 c6 2. d4 d5 3. Nd2 dxe4 4. Nxe4 Nf6 5. Nxf6+ exf6 6. c3 Bd6 7. Bd3 0-0 8. Qc2 Re8+ 9. Ne2 h5 10. 0-0 h4 11. Bf4 Na6 12. Bxd6 Qxd6 13. Rfe1 Nc7 14. Bf5 Re7 15. Bxc8 Rxc8 16. Rad1 Rce8 17. Qd2 h3 18. Ng3 Qd5 19. gxh3 Qxa2 20. Rxe7 Rxe7 21. Nf5 Re8 22. Nd6 Rd8 23. Nxb7 Rb8 24. Nc5 Qxb2 25. Qxb2 Rxb2 26. Ra1 Nb5 27. c4 Nxd4 28. Rxa7 Rc2 29. Ra4 Ne2+ 30. Kg2 Nf4+ 31. Kg3 g5 32. Ne4 Kg7 33. h4 Kg6 34. hxg5 fxg5 35. h4 Ne2+ 36. Kg2 gxh4 37. Kh3 Nc3 38. Nxc3 Rxc3+ 39. Kxh4 Rf3 40. Ra6 Rf4+ 41. Kg3 Rxc4 42. Kf3 Kf5 43. Ra5+ Ke6 44. Ke3 Kd6 45. Rf5 Ke6 46. Ra5 Rc3+ 47. Kd2 Rf3 48. Ke2 Rf5 49. Ra8 c5 50. Rc8 Kd5 51. Ke3 Rf6 52. Rc7 Kc4 53. f4 Re6+ 54. Kf3 f6 55. f5 Rd6 56. Ke4 Kb4 57. Rb7+ Kc3 58. Re7 Rd4+ 59. Ke3 Rd8 60. Re6 Rf8 61. Rc6 c4 62. Ke4 Re8+ 63. Re6 Rf8 64. Rc6 Re8+ 65. Re6 Rf8 66. Rc6 1/2-1/2

[Event "GER-chT U20"]
[Site "Muenster"]
[Date "2022.12.29"]
[Round "5"]
[White "Koleber, Ksenia Alexandra"]
[Black "Neugirg, Mika"]
[Result "0-1"]
[WhiteElo "1403"]
[BlackElo "1573"]
[PlyCount "60"]
[EventDate "2022.12.26"]
[EventType "team-swiss"]
[EventRounds "7"]
[EventCountry "GER"]
[SourceTitle "CBM 212 Extra"]
[Source "ChessBase"]
[SourceDate "2023.03.31"]
[SourceVersion "1"]
[SourceVersionDate "2023.03.31"]
[SourceQuality "1"]
[WhiteTeam "Biebertal"]
[BlackTeam "Regensburg Bavaria"]
[WhiteTeamCountry "GER"]
[BlackTeamCountry "GER"]

1. e4 c6 2. d4 d5 3. Nc3 dxe4 4. Nxe4 Nf6 5. Nxf6+ exf6 6. c3 Bd6 7. Bd3 0-0 8. Ne2 Re8 9. 0-0 Nd7 10. Qb3 Qc7 11. Ng3 Nf8 12. Qc2 g6 13. Kh1 f5 14. f4 Be6 15. c4 Rad8 16. b3 Be7 17. Bb2 Bf6 18. Qf2 Qb6 19. c5 Qb4 20. Ne2 Qd2 21. Nc1 Qxf2 22. Rxf2 Bxd4 23. Bxd4 Rxd4 24. Rf3 Bd5 25. Rf1 Be4 26. Bc4 Rd2 27. Be2 Bd5 28. Rf2 Rd1+ 29. Rf1 Rxc1 30. Raxc1 Rxe2 0-1

[Event "Krefeld op"]
[Site "Krefeld"]
[Date "2022.08.07"]
[Round "7"]
[White "Neugirg, Mika"]
[Black "Duncan, Patrick"]
[Result "1-0"]
[WhiteElo "1553"]
[BlackElo "2015"]
[PlyCount "67"]
[EventDate "2022.08.04"]
[EventType "swiss"]
[EventRounds "9"]
[EventCountry "GER"]
[SourceTitle "CBM 209 Extra"]
[Source "ChessBase"]
[SourceDate "2022.09.30"]
[SourceVersion "1"]
[SourceVersionDate "2022.09.30"]
[SourceQuality "1"]

1. e4 c6 2. d4 d5 3. exd5 cxd5 4. Bd3 Nf6 5. c3 e6 6. Bf4 Be7 7. Nf3 Nc6 8. 0-0 0-0 9. Qc2 h6 10. Nbd2 Nh5 11. Bg3 Bd6 12. Rae1 Qc7 13. Bxd6 Qxd6 14. g3 Bd7 15. Ne5 Rac8 16. Qd1 Nf6 17. f4 Ne7 18. Kh1 Ng6 19. Bxg6 fxg6 20. Nxg6 Rf7 21. Nf3 Ne4 22. Nfe5 Rf6 23. Nxd7 Qxd7 24. Ne5 Qe7 25. c4 Rcf8 26. cxd5 exd5 27. Qb3 Nd2 28. Qxd5+ Re6 29. Ng6 Qd6 30. Qxe6+ Qxe6 31. Rxe6 Nxf1 32. Nxf8 Kxf8 33. Re2 Kf7 34. d5 1-0

[Event "Krefeld op"]
[Site "Krefeld"]
[Date "2022.08.07"]
[Round "6"]
[White "Schuricht, Emil Frederick"]
[Black "Neugirg, Mika"]
[Result "1-0"]
[WhiteElo "1569"]
[BlackElo "1553"]
[PlyCount "41"]
[EventDate "2022.08.04"]
[EventType "swiss"]
[EventRounds "9"]
[EventCountry "GER"]
[SourceTitle "CBM 209 Extra"]
[Source "ChessBase"]
[SourceDate "2022.09.30"]
[SourceVersion "1"]
[SourceVersionDate "2022.09.30"]
[SourceQuality "1"]

1. e4 c6 2. d4 d5 3. e5 c5 4. c3 Nc6 5. Nf3 cxd4 6. cxd4 Bg4 7. Bb5 Qb6 8. Nc3 e6 9. 0-0 Bxf3 10. Qxf3 Qxd4 11. Rd1 Qb6 12. Be3 Qc7 13. Rac1 Nge7 14. Bc5 Qxe5 15. Bxe7 Bxe7 16. Nxd5 exd5 17. Rxc6 0-0 18. Rc2 Rac8 19. Re2 Qf6 20. Qxd5 Rfd8 21. Qxd8+ 1-0

[Event "Krefeld op"]
[Site "Krefeld"]
[Date "2022.08.06"]
[Round "5"]
[White "Neugirg, Mika"]
[Black "Vortmeier, Jan"]
[Result "1/2-1/2"]
[WhiteElo "1553"]
[BlackElo "1667"]
[PlyCount "106"]
[EventDate "2022.08.04"]
[EventType "swiss"]
[EventRounds "9"]
[EventCountry "GER"]
[SourceTitle "CBM 209 Extra"]
[Source "ChessBase"]
[SourceDate "2022.09.30"]
[SourceVersion "1"]
[SourceVersionDate "2022.09.30"]
[SourceQuality "1"]

1. e4 c6 2. d4 d5 3. exd5 cxd5 4. Bd3 Nc6 5. c3 g6 6. Nf3 Bg7 7. 0-0 Nh6 8. Bf4 Bf5 9. Bxh6 Bxh6 10. Bxf5 gxf5 11. Ne5 Nxe5 12. dxe5 e6 13. Na3 0-0 14. Qh5 Bg7 15. Rae1 f6 16. exf6 Rxf6 17. Qd1 Qe7 18. c4 dxc4 19. Nxc4 Rd8 20. Qb3 Rh6 21. Ne5 Bxe5 22. Rxe5 Kh8 23. Qc3 Qg7 24. Rfe1 Rg6 25. g3 b6 26. Rxe6 Qxc3 27. bxc3 Rxe6 28. Rxe6 Rd7 29. Re5 Rc7 30. a4 Rxc3 31. Re8+ Kg7 32. Re7+ Kg6 33. Rxa7 Rc4 34. Ra6 Kg5 35. h4+ Kh5 36. Rxb6 Rxa4 37. Kg2 f4 38. Kh3 Ra3 39. Rf6 fxg3 40. fxg3 Rb3 41. Ra6 h6 42. Ra5+ Kg6 43. h5+ Kg7 44. Kh4 Rb4+ 45. g4 Rb7 46. Kg3 Rb4 47. Ra7+ Kg8 48. Kf3 Kh8 49. Rf7 Ra4 50. Rf4 Ra3+ 51. Ke4 Ra5 52. Rf5 Ra4+ 53. Kf3 Ra3+ 1/2-1/2

[Event "Krefeld op"]
[Site "Krefeld"]
[Date "2022.08.06"]
[Round "4"]
[White "Pienski, Olaf"]
[Black "Neugirg, Mika"]
[Result "1/2-1/2"]
[WhiteElo "1911"]
[BlackElo "1553"]
[PlyCount "108"]
[EventDate "2022.08.04"]
[EventType "swiss"]
[EventRounds "9"]
[EventCountry "GER"]
[SourceTitle "CBM 209 Extra"]
[Source "ChessBase"]
[SourceDate "2022.09.30"]
[SourceVersion "1"]
[SourceVersionDate "2022.09.30"]
[SourceQuality "1"]

1. g3 d5 2. Bg2 c5 3. Nf3 Nc6 4. d4 Nf6 5. 0-0 e6 6. c4 dxc4 7. Qa4 Bd7 8. Qxc4 b5 9. Qd3 c4 10. Qd1 Rc8 11. Nbd2 Be7 12. e4 0-0 13. e5 Nd5 14. Ne4 h6 15. Bd2 Qb6 16. Be3 Rfd8 17. Qe2 Be8 18. Rfd1 Bf8 19. Nc3 Nxe3 20. fxe3 Ne7 21. Kh1 Nf5 22. g4 Ne7 23. a3 a5 24. Nd2 Bc6 25. Bxc6 Qxc6+ 26. Qg2 Qxg2+ 27. Kxg2 b4 28. axb4 axb4 29. Ne2 Nd5 30. Nf1 c3 31. bxc3 Nxc3 32. Nxc3 Rxc3 33. Kf3 b3 34. Nd2 b2 35. Rab1 Ba3 36. Ne4 Rc1 37. Ke2 Rdc8 38. Nc5 Rxd1 39. Kxd1 Bxc5 40. dxc5 Rxc5 41. Rxb2 Rxe5 42. Ke2 Re4 43. Kf3 Rc4 44. h3 g5 45. Rb7 Kg7 46. Ra7 e5 47. Re7 Kf6 48. Re8 Rb4 49. Rh8 e4+ 50. Kg3 Kg7 51. Re8 Kg6 52. Rg8+ Kh7 53. Re8 Kg7 54. h4 gxh4+ 1/2-1/2

[Event "GER-chT U20"]
[Site "Kiel"]
[Date "2022.07.23"]
[Round "1.5"]
[White "Kieselbach, Jannik"]
[Black "Neugirg, Mika"]
[Result "1-0"]
[WhiteElo "1632"]
[BlackElo "1553"]
[PlyCount "73"]
[EventDate "2022.07.22"]
[EventType "team-swiss"]
[EventRounds "7"]
[EventCountry "GER"]
[SourceTitle "CBM 209 Extra"]
[Source "ChessBase"]
[SourceDate "2022.09.30"]
[SourceVersion "1"]
[SourceVersionDate "2022.09.30"]
[SourceQuality "1"]
[WhiteTeam "Lehrte"]
[BlackTeam "Regensburg Bavaria"]
[WhiteTeamCountry "GER"]
[BlackTeamCountry "GER"]

1. e4 c6 2. d4 d5 3. exd5 cxd5 4. c4 Nf6 5. Nc3 Nc6 6. Nf3 a6 7. Be2 g6 8. 0-0 Bg7 9. Bf4 0-0 10. Rc1 Bf5 11. cxd5 Nxd5 12. Nxd5 Qxd5 13. Bc4 Qe4 14. Be3 Bg4 15. Be2 Qd5 16. h3 Bxf3 17. Bxf3 Qxa2 18. Bxc6 bxc6 19. Qe2 Qd5 20. Rc5 Qe6 21. Qc2 Rfc8 22. Rc1 Rab8 23. d5 Qf6 24. Rxc6 Rxc6 25. dxc6 Rc8 26. Qa4 Qe6 27. b4 Bb2 28. Rc2 Qe4 29. Rxb2 Qxc6 30. Qxc6 Rxc6 31. Kf1 f5 32. Ke2 Kf7 33. Kd3 Ke6 34. Rc2 Rxc2 35. Kxc2 Kd5 36. Kb3 Kc6 37. Ka4 1-0